00701nam a2200205 450000100060000000300080000600500170001400800410003103500190007204000270009104100080011808200210012610000480014724500670019526000430026230000170030594200120032299900170033495201440035130508BD-RjUL20211209051556.0140410s19251947enk 000 0 eng d a(BD-RjUL)30594 aEQOcEQObengdBD-RjUL aeng a151.22bSPM 19471 aSpearman, C.q(Charles),d1863-1945.99055312aA measure of 'intelligence' for use in schools /cC. Spearman. aLondon :cMETHUEN & CO.,bc.1925[1947] a20p.;c18cm. 2ddccBK c30508d30508 00102ddc40718NFICaRUCLbRUCLcReadingd1955-02-03eU.B.D RAJSHAHIg13.00l0o151.22 SPM 1947r2014-04-10 00:00:00tC-1w2014-04-10yBK